Datum a čas kvízu

24 Celkem bodů Celkový počet nahraných bodů na tomto kvízu bez doplňovacích otázek.
10. Pořadí na kvízu Konečné umístění týmu na tomto kvízu.

Zaznamenané odpovědi

# Otázka Odpověď Body Výsledky
1. Společnost Czech News Center,... Oldřich Kaiser 0
2. Larry, kocour s oficiální hodn... C) lišku 1
3. Partner Hospodského kvízu, poř... Zora Jandová 1
4. Elon Musk nepřestává udivovat... parfém 0
5. V pondělí skončil v české nejv... Pavel Vrba, Baník Ostrava 1
6. Lebka člověka se skládá z 22 k... kost spánková 0
7. Jak se jmenuje v Los Angeles n... Shia LaBeouf 0
8. Na fotografii vidíte lebku: A)... C) člověka vzpřímeného 0
9. Které firmě patří logo na obrá... B) Skullcandy 0
10. Která pardubická kapela, jejíž... Vypsaná fixa 1